| 000 | 01062nam a2200301 i 4500 | ||
|---|---|---|---|
| 003 | EG-ScBUE | ||
| 005 | 20230212061941.0 | ||
| 008 | 220731s2022 ua f 000 0aara d | ||
| 017 | _a2022 / 23261 | ||
| 020 | _a9789770937990 | ||
| 040 |
_aEG-ScBUE _bara _erda _cEG-ScBUE _dEG-ScBUE |
||
| 082 | 0 | 4 |
_222 _a070.92 _bأ ب و |
| 100 | 1 |
_aأبو الغيط، محمد، _eمؤلف. |
|
| 245 | 1 | 0 |
_aأنا قادم أيها الضوء / _cمحمد أبو الغيط ؛ تحرير أحمد سمير. |
| 250 | _aالطبعة الأولى. | ||
| 264 | 1 |
_aالقاهرة : _bدار الشروق، _c2022. |
|
| 300 |
_a315 صفحة ؛ _c22 سم |
||
| 336 |
_2rdacontent _aنص _btxt |
||
| 337 |
_2rdamedia _aبدون وسيط _bn |
||
| 338 |
_2rdacarrier _aمجلد _bnc |
||
| 541 | _aBook Fair 2023. | ||
| 600 | 1 | 7 |
_aأبو الغيط، محمد، _xمذكرات. _2BUEsh |
| 650 | 7 |
_aالصحفيون المصريون _vتراجم. _2BUEsh |
|
| 653 |
_bGGEN _cFebruary2023 |
||
| 655 | _vReading book | ||
| 700 | 1 |
_aسمير، أحمد، _eمحرر. |
|
| 942 | _2ddc | ||
| 999 |
_c30128 _d30099 |
||